ბათუმის შოთა რუსთაველის სახელმწიფო უნივერსიტეტის ბიბლიოთეკა

Мовсес Хоренаци / (ბიბ.ჩანაწერი № 60753)

000 -LEADER
fixed length control field 00517nam a22001577a 4500
005 - DATE AND TIME OF LATEST TRANSACTION
control field 20231019092249.0
008 - FIXED-LENGTH DATA ELEMENTS--GENERAL INFORMATION
fixed length control field 231019s1969 ru ||||| |||| 00| 0 rus d
041 ## - LANGUAGE CODE
Language code of text/sound track or separate title rus
080 ## - UNIVERSAL DECIMAL CLASSIFICATION NUMBER
Universal Decimal Classification number 94(479.25) M-59
100 ## - MAIN ENTRY--PERSONAL NAME
Personal name Мкрян, М.М.
9 (RLIN) 20117
245 ## - TITLE STATEMENT
Title Мовсес Хоренаци /
Statement of responsibility, etc. М.М. Мкрян; Ереванский гос. ун-т.
264 ## - PRODUCTION, PUBLICATION, DISTRIBUTION, MANUFACTURE, AND COPYRIGHT NOTICE
Place of production, publication, distribution, manufacture Ереван :
Name of producer, publisher, distributor, manufacturer Изд-во Ереванского ун-та,
Date of production, publication, distribution, manufacture, or copyright notice 1969.
300 ## - PHYSICAL DESCRIPTION
Extent 182 с.:
Other physical details 21 cm.
653 ## - INDEX TERM--UNCONTROLLED
keyword ისტორია
942 ## - ADDED ENTRY ELEMENTS (KOHA)
Source of classification or shelving scheme
Koha item type წიგნი
ეგზემპლარები
Withdrawn status Lost status Source of classification or shelving scheme Damaged status Not for loan Permanent Location Current Location Shelving location Date acquired Cost, normal purchase price Full call number Barcode Date last seen Copy number Uniform Resource Identifier Price effective from Koha item type Public note
          ბათუმის შოთა რუსთაველის სახელმწიფო უნივერსიტეტის მთავარი ბიბლიოთეკა ბათუმის შოთა რუსთაველის სახელმწიფო უნივერსიტეტის მთავარი ბიბლიოთეკა წიგნსაცავი 2023-10-19 6.00 94(479.25) M-59 65319 2023-10-19 65319 ბსუ-ს საპატიო დოქტორის გურამ ლორთქიფანიძის საჩუქარი 2023-10-19 წიგნი 6 ლ.